| LEADER |
01018nam0a2200229 450 |
| 001 |
16830083 |
| 010 |
|
|
|a 978-2-7002-5633-8
|b br.
|d 9,9
|
| 100 |
|
|
|a 20180209d2018 u u0frey01 ba
|
| 101 |
0 |
|
|a fre
|
| 102 |
|
|
|a FR
|
| 200 |
0 |
|
|a fille venue des étoiles (Une)
|f Olivier Gay
|g illustrations d'Oriol Vidal
|
| 207 |
|
1 |
|a
|
| 210 |
|
|
|a Paris
|b 21 Rue Cassette.
|c Ed. de l'Amitié
|d 2018
|
| 215 |
|
|
|a 1 vol. (122 p.)
|c ill.
|d 21 cm
|
| 225 |
1 |
|
|v 1
|
| 330 |
|
|
|a Emma, Hugo, Nathan et Océane découvrent une extra-terrestre dans la météorite qui a atterri près de chez eux. Elle est en danger. Elle leur demande de devenir ses gardiens. Ils acceptent de la protéger. En échange, elle leur donne des pouvoirs défiant limagination.
|
| 461 |
|
0 |
|t Les gardiens de la comète
|v 1
|
| 700 |
|
0 |
|a Gay
|b Olivier
|f 1979-....
|4 70
|
| 702 |
|
0 |
|a Vidal
|b Oriol
|f 1977-....
|4 440
|
| 900 |
|
|
|a Roman enfant
|
| 901 |
|
|
|a Accessible au prêt
|
| 995 |
|
|
|a Bibliothèque
|c Bibliothèque
|f 024018831
|h 024018831
|k E C3 GAY
|o p
|q j
|r az
|e Bibliothèque
|